[Event "45th Olympiad Budapest 2024"]
[Site "Budapest"]
[Date "2024.09.13"]
[Round "3"]
[Board "3"]
[White "Krasteva, Beloslava"]
[Black "Bochnickova, Simona"]
[Result "1-0"]
[WhiteElo "2295"]
[BlackElo "2138"]
[PlyCount "51"]
[EventDate "2024.09.11"]
[EventType "team-tourn"]
[EventRounds "11"]
[EventCountry "HUN"]
[WhiteTeam "Bulgaria"]
[BlackTeam "Slovakia"]
[WhiteTeamCountry "BUL"]
[BlackTeamCountry "SVK"]

1. c4 {[%emt 0:00:04]} Nf6 {[%emt 0:00:56]} 2. Nc3 {[%emt 0:01:31]} c5 {[%emt 0:01:00]} 3. g3 {[%emt 0:01:08]} Nc6 {[%emt 0:00:27]} 4. Bg2 {[%emt 0:00:10]} g6 {[%emt 0:00:09]} 5. e3 {[%emt 0:01:16]} Bg7 {[%emt 0:00:13]} 6. Nge2 {[%emt 0:00:14]} O-O {[%emt 0:00:51]} 7. O-O {[%emt 0:02:09]} e5 {[%emt 0:05:11]} ({RR} 7... b6 8. d4 Ba6 9. b3 Rc8 10. Bb2 e6 11. dxc5 bxc5 12. Qd2 d5 13. cxd5 Nb4 14. Rfd1 exd5 15. Nf4 d4 16. exd4 g5 17. a3 cxd4 18. Na4 Nc2 19. Rac1 gxf4 20. Rxc2 Rxc2 21. Qxc2 Re8 22. Nc5 {½-½ Wen,Y (2592)-Gabuzyan,H (2538) Yerevan Margaryan Memorial 2014 (4)}) 8. a3 {[%emt 0:03:25]} ({RR} 8. d3 d6 9. h3 Be6 10. Nd5 Ne7 11. Nxf6+ Bxf6 12. Qb3 Qd7 13. Kh2 Rab8 14. a4 d5 15. Nc3 e4 16. dxe4 dxc4 17. Qb5 Qc8 18. Nd5 Bxd5 19. exd5 c3 20. bxc3 Bxc3 21. Rb1 Rd8 22. Rd1 Rd6 {0-1 Bennett,D (2039)-Kostiukov,A (2271) Titled Tue 13th Aug Early 2024 (11)}) 8... d6 {[%emt 0:01:10]} 9. d3 {[%emt 0:01:44]} Ne8 $146 {[%emt 0:09:39]} ({RR} 9... Be6 10. Nd5 Qd7 11. Rb1 Bh3 12. b4 Bxg2 13. Kxg2 Ne7 14. Nxf6+ Bxf6 15. e4 Bg7 16. bxc5 dxc5 17. Nc3 f5 18. f3 a6 19. Be3 Rac8 20. Na4 Rc6 21. Nb6 Rxb6 22. Rxb6 Qc7 23. Qb3 Rb8 24. Rb1 {1-0 Gamarian,G (2171)-Angouras,I Ambelokipi op 25th 2000 (2)}) ({RR} 9... Nh5 10. Rb1 a5 11. Nd5 f5 12. b4 axb4 13. axb4 f4 14. Nec3 Be6 15. bxc5 dxc5 16. Rxb7 Kh8 17. Nc7 Bc8 18. Bxc6 Bxb7 19. Bxb7 Qxc7 20. Bxa8 Rxa8 21. Nd5 Qf7 22. exf4 exf4 23. Bxf4 Nxf4 24. Nxf4 {1-0 Ozen,B (2369)-Rodchenkov,S (2346) Titled Tuesday intern op 27th Apr blitz 2021 (9)}) ({RR} 9... Nd7 10. Rb1 a5 11. Nd5 f5 12. Bd2 Rb8 13. b4 axb4 14. axb4 b6 15. Qa4 Bb7 16. bxc5 Nxc5 17. Qc2 Ba8 18. Nec3 Rf7 19. Nb5 Ne7 20. Nbc3 Nxd5 21. Nxd5 Ra7 22. Ra1 Rxa1 23. Rxa1 e4 24. d4 {1-0 Butolo,A (1749)-Tudor,H (1719) ROM-ch U14 Mamaia 2021 (9)}) 10. Rb1 {[%emt 0:02:42]} a5 {[%emt 0:01:35]} 11. Nd5 {[%emt 0:04:01]} f5 {[%emt 0:01:10]} 12. b4 {[%emt 0:02:22]} axb4 {[%emt 0:18:54]} 13. axb4 {[%emt 0:00:10]} cxb4 {[%emt 0:00:45]} 14. Nxb4 {[%emt 0:01:17]} Nxb4 {[%emt 0:00:04]} 15. Rxb4 {[%emt 0:00:05]} Nc7 {[%emt 0:08:05]} 16. Bxb7 {[%emt 0:05:13]} Bxb7 {[%emt 0:03:45]} 17. Rxb7 {[%emt 0:00:02]} Ne6 {[%emt 0:00:14]} 18. Rb1 {[%emt 0:15:38]} f4 {[%emt 0:08:52]} 19. exf4 {[%emt 0:02:34]} exf4 {[%emt 0:00:10]} 20. Nxf4 {[%emt 0:08:28]} Nxf4 {[%emt 0:16:42]} 21. Bxf4 {[%emt 0:00:22]} Qd7 {[%emt 0:05:41]} 22. Qf3 {[%emt 0:03:03]} Ra5 {[%emt 0:05:50]} 23. Rb7 {[%emt 0:05:30]} Qa4 {[%emt 0:04:10]} 24. Rxg7+ {[%emt 0:03:16]} Kxg7 {[%emt 0:00:04]} 25. Bh6+ {[%emt 0:00:09]} Kxh6 {[%emt 0:00:03]} 26. Qxf8+ {[%emt 0:00:06]} 1-0

[Event "45th Olympiad Budapest 2024"]
[Site "Budapest"]
[Date "2024.09.13"]
[Round "3"]
[Board "4"]
[White "Walter, Ema"]
[Black "Peycheva, Gergana"]
[Result "1/2-1/2"]
[WhiteElo "2055"]
[BlackElo "2248"]
[PlyCount "102"]
[EventDate "2024.09.11"]
[EventType "team-tourn"]
[EventRounds "11"]
[EventCountry "HUN"]
[WhiteTeam "Slovakia"]
[BlackTeam "Bulgaria"]
[WhiteTeamCountry "SVK"]
[BlackTeamCountry "BUL"]

1. e4 {[%emt 0:00:01]} c6 {[%emt 0:00:16]} 2. d4 {[%emt 0:00:05]} d5 {[%emt 0:00:14]} 3. exd5 {[%emt 0:00:05]} cxd5 {[%emt 0:00:11]} 4. Bd3 {[%emt 0:00:05]} Nc6 {[%emt 0:00:43]} 5. c3 {[%emt 0:00:06]} e6 {[%emt 0:01:27]} 6. Nf3 {[%emt 0:01:29]} Bd6 {[%emt 0:01:29]} 7. O-O {[%emt 0:00:07]} Nge7 {[%emt 0:01:49]} 8. Re1 {[%emt 0:02:02]} O-O {[%emt 0:04:27]} ({RR} 8... Qc7 9. Nbd2 Bd7 10. Nf1 O-O-O 11. b4 f6 12. a4 Kb8 13. b5 Na5 14. Ba3 Bxa3 15. Rxa3 Qd6 16. Ra2 Rc8 17. Rc2 g5 18. N3d2 Rc7 19. c4 dxc4 20. Nxc4 Nxc4 21. Bxc4 Nf5 22. Re4 e5 23. d5 {0-1 Walter,E (2124)-Cvitan,E (2239) Mitropa Cup Women 2024 (2.17)}) 9. Nbd2 {[%emt 0:12:57]} ({RR} 9. Ng5 g6 10. Nf3 Nf5 11. Nbd2 Re8 12. Nf1 Nh4 13. Ne3 Nxf3+ 14. Qxf3 h5 15. Bd2 Bd7 16. h3 Bf8 17. Rad1 Bg7 18. Bc1 b5 19. b4 a5 20. a3 axb4 21. axb4 Ne7 22. g4 hxg4 23. Nxg4 Nf5 {½-½ Mamedov,R (2650)-Artemiev,V (2761) Poikovsky Karpov 20th 2019 (1)}) 9... f6 {[%emt 0:03:27]} 10. c4 {[%emt 0:08:08]} Kh8 {[%emt 0:06:38]} 11. Nf1 $146 {[%emt 0:14:41]} ({RR} 11. a3 Bb8 12. Nb3 b6 13. Qc2 dxc4 14. Bxc4 Qd6 15. Qe4 Ng6 16. Bxe6 Bxe6 17. Qxe6 Nce7 18. Qxd6 Bxd6 19. Bd2 Nd5 20. g3 Rac8 21. Rac1 Kg8 22. Kf1 Kf7 23. Ke2 Ke6 24. Kd3+ Kd7 25. h4 h5 {½-½ Ceres,D (2438)-Petkov,M (2498) 49th Seville Open 2024 (9.2)}) ({RR} 11. b3 e5 12. cxd5 Nxd5 13. dxe5 Bxe5 14. Nxe5 Nxe5 15. Bc4 Bg4 16. Qc2 Re8 17. Bb2 Rc8 18. Bxe5 fxe5 19. Qb2 Nf4 20. Ne4 Qb6 21. Qa3 Rc6 22. Ng5 h6 23. Nf7+ Kh7 24. Nxe5 Rxe5 25. Rxe5 Rf6 {1-0 Vucenovic,D (2121)-Cvitan,E (2294) 35th Pula Open 2023 (6.9)}) ({RR} 11. b3 Qe8 12. Bb2 Qf7 13. Rc1 Bd7 14. a3 a5 15. Qc2 Rac8 16. Qb1 g5 17. cxd5 exd5 18. Kh1 Qh5 19. g3 Bg4 20. Re3 Bf4 21. gxf4 gxf4 22. Bg6 hxg6 23. Rec3 Bf5 24. Qa1 g5 25. Ng1 Kg7 {0-1 Pusara,M (2173)-Lavrencic,M (2356) 32nd EY Open U16 2024 (4.13)}) 11... Bd7 {[%emt 0:08:10]} 12. Bd2 {[%emt 0:05:46]} Nb4 {[%emt 0:12:20]} 13. Be2 {[%emt 0:13:05]} dxc4 {[%emt 0:09:41]} 14. Bxc4 {[%emt 0:00:47]} Nbd5 {[%emt 0:02:21]} 15. Rc1 {[%emt 0:02:38]} b5 {[%emt 0:04:47]} 16. Bd3 {[%emt 0:02:30]} Qb6 {[%emt 0:03:19]} 17. Ng3 {[%emt 0:12:38]} Rad8 {[%emt 0:14:31]} 18. Qb3 {[%emt 0:04:08]} Nf4 {[%emt 0:05:41]} 19. Ne4 {[%emt 0:04:13]} Nxd3 {[%emt 0:01:40]} 20. Qxd3 {[%emt 0:00:04]} Nf5 {[%emt 0:02:55]} 21. Nxd6 {[%emt 0:02:17]} Qxd6 {[%emt 0:00:42]} 22. Qe4 {[%emt 0:01:55]} Rfe8 {[%emt 0:03:39]} 23. a3 {[%emt 0:01:32]} Qb6 {[%emt 0:03:43]} 24. Bb4 {[%emt 0:03:40]} Bc8 {[%emt 0:01:25]} 25. Bc5 {[%emt 0:01:49]} Qb8 {[%emt 0:00:09]} 26. Nh4 {[%emt 0:01:16]} Bb7 {[%emt 0:02:42]} 27. Qg4 {[%emt 0:00:08]} Nxh4 {[%emt 0:01:25]} 28. Qxh4 {[%emt 0:00:03]} Rd5 {[%emt 0:01:07]} 29. Rc3 {[%emt 0:01:26]} Rg5 {[%emt 0:01:11]} 30. Rg3 {[%emt 0:00:13]} Rxg3 {[%emt 0:00:38]} 31. Qxg3 {[%emt 0:00:13]} Qd8 {[%emt 0:01:35]} 32. Qd6 {[%emt 0:01:21]} Qxd6 {[%emt 0:00:54]} 33. Bxd6 {[%emt 0:00:03]} Rc8 {[%emt 0:00:32]} 34. Bc5 {[%emt 0:01:16]} Bd5 {[%emt 0:00:26]} 35. b4 {[%emt 0:01:25]} Kg8 {[%emt 0:00:41]} 36. f4 {[%emt 0:01:10]} f5 {[%emt 0:00:32]} 37. Ra1 {[%emt 0:00:34]} a6 {[%emt 0:00:38]} 38. Kf2 {[%emt 0:00:16]} Kf7 {[%emt 0:00:08]} 39. Re1 {[%emt 0:00:41]} Rg8 {[%emt 0:00:35]} 40. h4 {[%emt 0:01:10]} h6 {[%emt 0:00:07]} 41. Re3 {[%emt 0:11:51]} g6 {[%emt 0:05:46]} 42. Rg3 {[%emt 0:02:08]} Ra8 {[%emt 0:00:26]} 43. Bb6 {[%emt 0:00:38]} Rc8 {[%emt 0:00:18]} 44. Bc5 {[%emt 0:00:04]} Rg8 {[%emt 0:00:49]} 45. Bd6 {[%emt 0:00:17]} Ra8 {[%emt 0:01:07]} 46. Rc3 {[%emt 0:01:25]} Bc4 {[%emt 0:00:29]} 47. Bc7 {[%emt 0:02:34]} Ke7 {[%emt 0:03:55]} 48. Rg3 {[%emt 0:03:58]} Kf7 {[%emt 0:02:25]} 49. Rc3 {[%emt 0:00:16]} Rg8 {[%emt 0:00:34]} 50. Rg3 {[%emt 0:00:23]} Bd5 {[%emt 0:01:00]} 51. Bd6 {[%emt 0:00:13]} Rc8 {[%emt 0:00:38]} 1/2-1/2

[Event "45th Olympiad Budapest 2024"]
[Site "Budapest"]
[Date "2024.09.13"]
[Round "3"]
[Board "1"]
[White "Cramling, Pia"]
[Black "Daulyte-Cornette, Deimante"]
[Result "0-1"]
[WhiteElo "2425"]
[BlackElo "2369"]
[PlyCount "78"]
[EventDate "2024.09.11"]
[EventType "team-tourn"]
[EventRounds "11"]
[EventCountry "HUN"]
[WhiteTeam "Sweden"]
[BlackTeam "France"]
[WhiteTeamCountry "SWE"]
[BlackTeamCountry "FRA"]

1. d4 {[%emt 0:00:03]} Nf6 {[%emt 0:00:08]} 2. c4 {[%emt 0:00:17]} e6 {[%emt 0:00:09]} 3. Nf3 {[%emt 0:00:10]} d5 {[%emt 0:00:11]} 4. Nc3 {[%emt 0:00:18]} Nbd7 {[%emt 0:00:16]} 5. cxd5 {[%emt 0:01:31]} exd5 {[%emt 0:00:10]} 6. Bg5 {[%emt 0:00:10]} Bb4 {[%emt 0:00:53]} 7. Qa4 {[%emt 0:11:22]} c5 {[%emt 0:05:15]} 8. dxc5 {[%emt 0:01:07]} Bxc3+ {[%emt 0:03:44]} 9. bxc3 {[%emt 0:00:09]} O-O {[%emt 0:00:33]} 10. e3 {[%emt 0:06:46]} ({RR} 10. Qd4 Re8 11. Nd2 h6 12. Bf4 Nf8 13. Bd6 Ne6 14. Qb4 a5 15. Qa3 d4 16. g3 Nd5 17. Bg2 Nxc3 18. Nc4 Ng5 19. O-O Nxe2+ 20. Kh1 Bh3 21. Bxh3 Nxh3 22. Qf3 Qg5 23. Qxb7 d3 24. Qf3 Rad8 {½-½ Tryggestad,A (2324)-Fiskaaen,M (2225) Lewis Chess Legends Open 2024 (9.12)}) 10... Nxc5 {[%emt 0:02:59]} 11. Qb4 $146 {[%emt 0:10:58]} ({RR} 11. Qh4 Nce4 12. Bxf6 Nxf6 13. Bd3 Qc7 14. Rc1 Bd7 15. O-O b5 16. Nd4 a6 17. f3 Rfe8 18. Rfe1 Rac8 19. Rc2 Qb6 20. g4 g6 21. Qg3 Re7 22. Qf4 Ne8 23. Rb1 Qc5 24. Kf2 Ng7 25. Nb3 Qa7 {0-1 Farago,I (2421)-Rozentalis,E (2596) AUT-chT 1011 2010 (5.1)}) ({RR} 11. Qh4 Nce4 12. Bd3 Qc7 13. O-O Nxg5 14. Nxg5 h6 15. Nf3 Qxc3 16. Rfd1 Be6 17. Rac1 Qa5 18. Nd4 Rac8 19. Bf5 Rxc1 20. Rxc1 Qd2 21. Rf1 Re8 22. Qg3 Qxa2 23. Qc7 Qa6 24. Rc1 Bxf5 25. Nxf5 Qe6 {0-1 Karlsen,S-Hoejgaard,S NOR tourn Norway 1996}) ({RR} 11. Qd4 Nce4 12. Be2 Nxg5 13. Nxg5 Qc7 14. O-O h6 15. Nf3 Be6 16. Rfc1 Rfc8 17. Nd2 Qe7 18. Qb4 Kf8 19. Qxe7+ Kxe7 20. c4 dxc4 21. Bxc4 Bxc4 22. Nxc4 Rc5 23. Nd2 Rac8 24. Nb3 Rxc1+ 25. Rxc1 Rxc1+ {1-0 Bozinovic,B (2255)-Dizdar,G (2500) CRO-chT Makarska 1994 (8)}) 11... Nce4 {[%emt 0:05:16]} 12. Bd3 {[%emt 0:03:03]} Nxg5 {[%emt 0:22:35]} 13. Nxg5 {[%emt 0:00:06]} h6 {[%emt 0:00:54]} 14. Nf3 {[%emt 0:00:14]} Qc7 {[%emt 0:00:42]} 15. O-O {[%emt 0:02:11]} Bd7 {[%emt 0:02:07]} 16. Rab1 {[%emt 0:13:48]} b5 {[%emt 0:13:57]} 17. h3 {[%emt 0:01:14]} a6 {[%emt 0:01:31]} 18. Rb3 {[%emt 0:02:52]} Rfe8 {[%emt 0:01:32]} 19. Rd1 {[%emt 0:03:28]} Ne4 {[%emt 0:11:44]} 20. Bxe4 {[%emt 0:01:15]} dxe4 {[%emt 0:00:43]} 21. Nd4 {[%emt 0:00:07]} Re5 {[%emt 0:03:13]} 22. Ne2 {[%emt 0:02:44]} Be6 {[%emt 0:02:49]} 23. Rb2 {[%emt 0:00:21]} Rd8 {[%emt 0:05:08]} 24. Rd4 {[%emt 0:07:46]} Bc4 {[%emt 0:03:11]} 25. Rbd2 {[%emt 0:01:10]} Ree8 {[%emt 0:01:15]} 26. Nc1 {[%emt 0:08:42]} a5 {[%emt 0:04:55]} 27. Qa3 {[%emt 0:00:51]} Rxd4 {[%emt 0:01:00]} 28. cxd4 {[%emt 0:00:58]} Rc8 {[%emt 0:03:23]} 29. Rc2 {[%emt 0:01:59]} Qd8 {[%emt 0:00:43]} 30. Nb3 {[%emt 0:12:13]} Bxb3 {[%emt 0:00:16]} 31. Qxb3 {[%emt 0:00:28]} Rxc2 {[%emt 0:01:28]} 32. Qxc2 {[%emt 0:00:01]} Qd5 {[%emt 0:00:36]} 33. Kf1 {[%emt 0:00:27]} a4 {[%emt 0:00:54]} 34. Ke1 {[%emt 0:01:42]} a3 {[%emt 0:01:56]} 35. Kd1 {[%emt 0:00:38]} b4 {[%emt 0:00:12]} 36. g4 {[%emt 0:04:23]} g6 {[%emt 0:00:50]} 37. Kc1 {[%emt 0:02:01]} Qb5 {[%emt 0:00:15]} 38. Qd2 {[%emt 0:00:30]} Qf1+ {[%emt 0:01:04]} 39. Kc2 {[%emt 0:00:08]} Qd3+ {[%emt 0:00:57]} 0-1

[Event "45th Olympiad Budapest 2024"]
[Site "Budapest"]
[Date "2024.09.13"]
[Round "3"]
[Board "4"]
[White "Benmesbah, Natacha"]
[Black "Zaritovskaja, Margarita"]
[Result "1-0"]
[WhiteElo "2258"]
[BlackElo "2009"]
[PlyCount "77"]
[EventDate "2024.09.11"]
[EventType "team-tourn"]
[EventRounds "11"]
[EventCountry "HUN"]
[WhiteTeam "France"]
[BlackTeam "Sweden"]
[WhiteTeamCountry "FRA"]
[BlackTeamCountry "SWE"]

1. e4 {[%emt 0:00:02]} c5 {[%emt 0:00:06]} 2. Nf3 {[%emt 0:00:05]} d6 {[%emt 0:00:09]} 3. d4 {[%emt 0:00:30]} cxd4 {[%emt 0:00:09]} 4. Nxd4 {[%emt 0:00:05]} Nf6 {[%emt 0:00:06]} 5. Nc3 {[%emt 0:00:04]} a6 {[%emt 0:00:07]} 6. f3 {[%emt 0:00:08]} e5 {[%emt 0:00:45]} 7. Nb3 {[%emt 0:00:16]} Be6 {[%emt 0:01:13]} 8. Be3 {[%emt 0:00:26]} Be7 {[%emt 0:03:00]} 9. g4 {[%emt 0:05:30]} Nfd7 {[%emt 0:15:20]} 10. Qd2 {[%emt 0:03:01]} b5 $146 {[%emt 0:14:23]} ({RR} 10... Bh4+ 11. Bf2 Nb6 12. O-O-O Bxf2 13. Qxf2 Nc6 14. Nd5 Bxd5 15. exd5 Ne7 16. f4 Nexd5 17. fxe5 dxe5 18. Bg2 Qg5+ 19. Kb1 Qe3 {½-½ Kvisla,J-Forsaa,E (2027) Gausdal op 2004 (3)}) ({RR} 10... Bh4+ 11. Bf2 h5 12. gxh5 Rxh5 13. O-O-O Be7 14. Kb1 Nf6 15. f4 Nbd7 16. f5 Bxb3 17. axb3 Rc8 18. Bg2 b5 19. h4 Rh7 20. Bf3 b4 21. Na4 a5 22. Qe2 Qc7 23. Rd2 Qb7 24. Rhd1 Rc6 25. Ka2 {1-0 Granda Zuniga,J (2646)-Galego,L (2461) Reykjavik op 2015 (10)}) ({RR} 10... Nc6 11. O-O-O Nc5 12. Nd5 Nxb3+ 13. cxb3 Bxd5 14. exd5 Nb8 15. Kb1 Nd7 16. g5 O-O 17. h4 f5 18. f4 Rc8 19. Bh3 Qe8 20. h5 Rc7 21. Rdg1 Nc5 22. fxe5 dxe5 23. d6 Rc6 24. Qd5+ Kh8 25. Bxc5 {1-0 Gkavardinas,A (1972)-Shatirov,R (1410) EU-ch Hybrid U12 2021 (1)}) ({RR} 10... Nc6 11. O-O-O O-O 12. Nd5 Bxd5 13. exd5 Ncb8 14. g5 a5 15. Kb1 a4 16. Nc1 Qa5 17. Qg2 Nc5 18. Bd2 Qc7 19. h4 Rc8 20. c3 Qd7 21. a3 Qf5+ 22. Ka2 Qc2 23. Be2 Nb3 24. Qg4 Rc7 25. Bd3 {1-0 Kosmo,S-Pukkila,M (2114) Lahti We LahS op2 2002 (5)}) ({RR} 10... Bh4+ 11. Bf2 Qg5 12. Qxg5 Bxg5 13. Rd1 Nc6 14. Rxd6 h5 15. gxh5 Rxh5 16. a3 Ke7 17. Rd1 Rah8 18. Rg1 Bxb3 19. cxb3 Bh4 20. Rxg7 Bxf2+ 21. Kxf2 Rxh2+ 22. Rg2 Nd4 23. Nd5+ Kd6 24. b4 Nf8 25. Ne3 {0-1 Matthews,S (2258)-Ordonez,F (2295) Valencia Sub zt 2.3.5 2000 (4)}) 11. O-O-O {[%emt 0:01:55]} Nb6 {[%emt 0:03:37]} 12. Nd5 {[%emt 0:03:13]} Bxd5 {[%emt 0:02:02]} 13. exd5 {[%emt 0:01:25]} Qc7 {[%emt 0:12:59]} 14. Na5 {[%emt 0:18:14]} N8d7 {[%emt 0:17:30]} 15. Nc6 {[%emt 0:00:46]} Rc8 {[%emt 0:04:21]} 16. Kb1 {[%emt 0:04:58]} Nxd5 {[%emt 0:06:05]} 17. Nxe7 {[%emt 0:01:37]} Nxe7 {[%emt 0:00:23]} 18. Qxd6 {[%emt 0:02:11]} Qxc2+ {[%emt 0:00:34]} 19. Ka1 {[%emt 0:00:04]} Qc6 {[%emt 0:04:47]} 20. Bh3 {[%emt 0:06:10]} Rd8 {[%emt 0:06:55]} 21. g5 {[%emt 0:14:34]} Qxd6 {[%emt 0:03:27]} 22. Rxd6 {[%emt 0:00:05]} Nc8 {[%emt 0:01:35]} 23. Rxa6 {[%emt 0:04:11]} O-O {[%emt 0:00:37]} 24. a3 {[%emt 0:08:36]} Nb8 {[%emt 0:00:44]} 25. Ra8 {[%emt 0:01:56]} Nd6 {[%emt 0:02:51]} 26. Bb6 Rde8 {[%emt 0:00:37]} 27. Bc5 {[%emt 0:00:21]} Rd8 {[%emt 0:00:33]} 28. Rxb8 {[%emt 0:00:24]} Rxb8 {[%emt 0:00:09]} 29. Bxd6 {[%emt 0:00:04]} Rbd8 {[%emt 0:00:34]} 30. Bxf8 {[%emt 0:00:05]} Kxf8 {[%emt 0:00:03]} 31. Bf5 {[%emt 0:01:16]} g6 {[%emt 0:00:52]} 32. Be4 {[%emt 0:00:09]} Rd2 {[%emt 0:01:15]} 33. h4 {[%emt 0:00:16]} Rd4 {[%emt 0:00:36]} 34. Ka2 {[%emt 0:00:46]} Ke7 {[%emt 0:00:09]} 35. Kb3 {[%emt 0:00:16]} Kd7 {[%emt 0:00:51]} 36. Rh2 {[%emt 0:01:01]} Ke6 {[%emt 0:00:33]} 37. Rc2 {[%emt 0:00:30]} Kd6 {[%emt 0:00:21]} 38. Rc6+ {[%emt 0:00:10]} Kd7 {[%emt 0:00:17]} 39. Rc5 {[%emt 0:00:05]} 1-0

[Event "45th Olympiad Budapest 2024"]
[Site "Budapest"]
[Date "2024.09.13"]
[Round "3"]
[Board "1"]
[White "Dolgova, Olga"]
[Black "Yao, Lan"]
[Result "0-1"]
[WhiteElo "2171"]
[BlackElo "2353"]
[PlyCount "136"]
[EventDate "2024.09.11"]
[EventType "team-tourn"]
[EventRounds "11"]
[EventCountry "HUN"]
[WhiteTeam "Norway"]
[BlackTeam "England"]
[WhiteTeamCountry "NOR"]
[BlackTeamCountry "ENG"]

1. d4 {[%emt 0:00:19]} Nf6 {[%emt 0:00:15]} 2. Bf4 {[%emt 0:03:24]} d5 {[%emt 0:00:07]} 3. e3 {[%emt 0:00:42]} c5 {[%emt 0:00:12]} 4. Nf3 {[%emt 0:00:35]} Nc6 {[%emt 0:00:16]} 5. Nbd2 {[%emt 0:00:35]} Bg4 {[%emt 0:00:32]} 6. c3 {[%emt 0:11:55]} e6 {[%emt 0:00:26]} 7. Be2 {[%emt 0:04:56]} Be7 {[%emt 0:04:17]} 8. h3 {[%emt 0:02:07]} Bh5 {[%emt 0:00:51]} 9. O-O {[%emt 0:00:10]} O-O {[%emt 0:01:25]} 10. Ne5 {[%emt 0:05:49]} Bxe2 {[%emt 0:01:05]} 11. Qxe2 {[%emt 0:00:06]} Nd7 {[%emt 0:08:03]} ({RR} 11... Rc8 12. Ndf3 Nd7 13. Nxc6 Rxc6 14. e4 dxe4 15. Qxe4 Nf6 16. Qe2 Qb6 17. Rad1 Qa6 18. Qxa6 Rxa6 19. dxc5 Bxc5 20. a3 Rc8 21. Be5 Kf8 22. Bd4 Be7 23. Ne5 Nd5 24. Rd2 f6 25. Nf3 Ra4 26. Rfd1 {½-½ Nihal,S (2650)-Aronian,L (2782) Tata Steel India Blitz 2021 (11)}) ({RR} 11... Rc8 12. a4 a6 13. Rfd1 Qb6 14. Ndf3 h6 15. Bh2 Rfd8 16. Rdb1 Ne4 17. Nd2 Nxd2 18. Qxd2 Bd6 19. Nxc6 Qxc6 20. Bxd6 Rxd6 21. b4 cxd4 22. cxd4 Qc2 23. Qe1 Rdc6 24. b5 axb5 25. axb5 R6c7 26. b6 {1-0 Sahin,S (2115)-Rustemov,A (2525) Titled Tue 27th Feb Early 2024 (1)}) 12. Nxd7 $146 {[%emt 0:05:12]} ({RR} 12. Nef3 Bf6 13. a3 a6 14. Rfd1 b5 15. dxc5 Nxc5 16. e4 Na4 17. exd5 exd5 18. Nb3 Re8 19. Qd2 Nb6 20. Nbd4 Nc4 21. Nxc6 Nxd2 22. Nxd8 Nxf3+ 23. gxf3 Raxd8 24. Be3 h6 25. a4 b4 26. cxb4 Bxb2 {1-0 Palencia,W (2158)-Ayala Delgado,S (2066) 10th Velez Rapid 2023 (6.10)}) ({RR} 12. Bh2 Ndxe5 13. dxe5 Qb6 14. Nb3 a5 15. Qc2 a4 16. Nd2 Rfd8 17. Rfd1 d4 18. exd4 cxd4 19. Nf3 dxc3 20. Qxc3 Nb4 21. a3 Rac8 22. Rxd8+ Qxd8 23. Qd4 Qxd4 24. Nxd4 Nd3 25. Bg3 Nxb2 26. Rb1 Bxa3 {½-½ Makka,E (2032)-Burtasova,A (2311) Athens Acropolis op (Women) 2006 (1)}) 12... Qxd7 {[%emt 0:00:04]} 13. Nf3 {[%emt 0:00:32]} f6 {[%emt 0:15:11]} 14. Bg3 {[%emt 0:03:14]} Rfe8 {[%emt 0:06:06]} 15. Rfd1 {[%emt 0:02:05]} c4 {[%emt 0:01:41]} 16. e4 {[%emt 0:02:10]} b5 {[%emt 0:00:46]} 17. Re1 {[%emt 0:02:31]} Bf8 {[%emt 0:00:49]} 18. Qc2 {[%emt 0:04:40]} b4 {[%emt 0:03:35]} 19. Re2 {[%emt 0:03:17]} a5 {[%emt 0:07:26]} 20. exd5 {[%emt 0:14:30]} exd5 {[%emt 0:03:29]} 21. Rxe8 {[%emt 0:05:17]} Rxe8 {[%emt 0:00:08]} 22. Re1 {[%emt 0:00:52]} Ra8 {[%emt 0:09:46]} 23. Qa4 {[%emt 0:02:58]} Ra7 {[%emt 0:02:57]} 24. Nd2 {[%emt 0:00:25]} Rb7 {[%emt 0:06:10]} 25. Bf4 {[%emt 0:06:52]} Ne5 {[%emt 0:08:37]} 26. Qxd7 {[%emt 0:01:04]} Nxd7 {[%emt 0:00:01]} 27. Rb1 {[%emt 0:06:46]} Nb6 {[%emt 0:01:50]} 28. cxb4 {[%emt 0:03:20]} axb4 {[%emt 0:00:43]} 29. Nf1 {[%emt 0:00:37]} Ra7 {[%emt 0:05:33]} 30. Ra1 {[%emt 0:00:51]} b3 {[%emt 0:02:33]} 31. a3 {[%emt 0:00:52]} c3 {[%emt 0:02:12]} 32. bxc3 {[%emt 0:02:24]} Rxa3 {[%emt 0:05:48]} 33. Rb1 {[%emt 0:03:55]} Na4 {[%emt 0:00:19]} 34. Bc1 {[%emt 0:01:27]} b2 {[%emt 0:00:41]} 35. Bxb2 {[%emt 0:00:17]} Rb3 {[%emt 0:00:03]} 36. Ra1 {[%emt 0:01:00]} Nxb2 {[%emt 0:00:03]} 37. Rb1 {[%emt 0:00:32]} Ba3 {[%emt 0:01:55]} 38. Ne3 {[%emt 0:00:05]} Rxc3 {[%emt 0:00:24]} 39. Nxd5 {[%emt 0:00:24]} Rd3 {[%emt 0:01:17]} 40. Ne3 {[%emt 0:00:19]} Na4 {[%emt 0:01:10]} 41. Nf5 {[%emt 0:10:54]} Nc3 {[%emt 0:02:16]} 42. Rb8+ {[%emt 0:00:38]} Bf8 {[%emt 0:00:06]} 43. Rd8 {[%emt 0:02:02]} Kf7 {[%emt 0:03:37]} 44. Ng3 {[%emt 0:04:04]} Rd2 {[%emt 0:03:08]} 45. Rd7+ {[%emt 0:01:34]} Ke6 {[%emt 0:00:11]} 46. Rd8 {[%emt 0:00:20]} Be7 {[%emt 0:01:18]} 47. Rh8 {[%emt 0:00:30]} h6 {[%emt 0:01:15]} 48. Nh5 {[%emt 0:00:57]} Kf7 {[%emt 0:00:32]} 49. Rc8 {[%emt 0:01:50]} Ne2+ {[%emt 0:00:32]} 50. Kh2 {[%emt 0:02:20]} Nxd4 {[%emt 0:01:05]} 51. Kg1 {[%emt 0:01:28]} g6 {[%emt 0:00:48]} 52. Ng3 {[%emt 0:00:36]} Ne2+ {[%emt 0:00:27]} 53. Nxe2 {[%emt 0:00:17]} Rxe2 {[%emt 0:00:01]} 54. Kf1 {[%emt 0:00:36]} Ra2 {[%emt 0:00:04]} 55. Rc6 {[%emt 0:01:06]} h5 {[%emt 0:00:05]} 56. g3 {[%emt 0:00:53]} Bb4 {[%emt 0:00:44]} 57. Rc4 {[%emt 0:01:25]} Bd6 {[%emt 0:00:04]} 58. Kg2 {[%emt 0:00:33]} Ke6 {[%emt 0:00:03]} 59. Rc3 {[%emt 0:01:03]} Rd2 {[%emt 0:01:15]} 60. Re3+ {[%emt 0:01:31]} Be5 {[%emt 0:00:28]} 61. Kf1 {[%emt 0:00:16]} Kd5 {[%emt 0:00:57]} 62. Rf3 {[%emt 0:00:47]} Bd4 {[%emt 0:00:18]} 63. h4 {[%emt 0:00:40]} Ke5 {[%emt 0:02:01]} 64. Kg2 {[%emt 0:00:19]} g5 {[%emt 0:01:54]} 65. hxg5 {[%emt 0:00:26]} fxg5 {[%emt 0:00:02]} 66. Rf8 {[%emt 0:00:39]} Rxf2+ {[%emt 0:00:27]} 67. Rxf2 {[%emt 0:00:09]} Bxf2 {[%emt 0:00:02]} 68. Kxf2 {[%emt 0:00:08]} Ke4 {[%emt 0:00:04]} 0-1